Statistics for United States Map - One Minute Sprint

Click here to take the quiz!

General Stats

  • This quiz has been taken 1,902 times
  • The average score is 19 of 50

Answers on the Map

Answers color-coded by a green-red scale on the quiz's map according to % correct below.
 

Answer Stats

Answer% Correct
Alaska
93%
California
93%
Hawaii
89%
Washington
88%
Oregon
86%
Texas
85%
Louisiana
83%
Arizona
82%
Florida
81%
New Mexico
81%
Alabama
76%
Georgia
76%
Tennessee
70%
Mississippi
68%
South Carolina
63%
North Carolina
60%
Virginia
54%
West Virginia
53%
Maryland
49%
Delaware
43%
New Jersey
33%
Pennsylvania
31%
New York
29%
Connecticut
26%
Rhode Island
18%
Maine
17%
Massachusetts
17%
Idaho
16%
Colorado
14%
Illinois
14%
Indiana
13%
Kentucky
13%
New Hampshire
13%
Michigan
12%
Minnesota
11%
Montana
11%
Nevada
11%
Arkansas
10%
Iowa
10%
Kansas
10%
Ohio
10%
Vermont
10%
North Dakota
8%
Wisconsin
8%
South Dakota
7%
Utah
7%
Nebraska
6%
Oklahoma
6%
Wyoming
6%
Missouri
5%

Score Distribution

Percentile by Number Answered

Percent of People with Each Score

Your Score History

You have not taken this quiz